00194nam a2200085 a 4500008004100000050001500041100002000056245002300076350000900099120416s9999 xx |||||||||||||| || u aNC 650 Jon aJones, Sydney R10aHow to draw houses a0.00